000 00678nam a2200277Ia 4500
005 20260324115654.0
008 008 260324s9999 xx 000 0 eng d
020 _a9781351247337
037 _aEBOOK
040 _aCRL
040 _beng
040 _cCRL
041 _2eng
041 _aeng
084 _qCRL
100 _aN.S. Bolan; M.B. Kirkham; Y.S. Ok
_91155569
245 0 _aSpoil to Soil: Mine Site Rehabilitation and Revegetation
260 _bTaylor and Francis
260 _c2017
365 _a
365 _b385
856 _uhttp://www.taylorfrancis.com/books/9781351247337
942 _cEBOOK
999 _c1746608
_d1746608